书目信息 |
| 题名: |
土壤与植被系统
|
|
| 作者: | 特鲁吉尔 , Trudgill 著 ;赵磊 译 | |
| 分册: | ||
| 出版信息: | 北京 科学出版社 1985 |
|
| 页数: | 228页 | |
| 开本: | 19cm | |
| 丛书名: | ||
| 单 册: | ||
| 中图分类: | S154.4 | |
| 科图分类: | ||
| 主题词: | 土壤-关系-植被 , 植被-关系-土壤 , 土壤-生态平衡 , 生态平衡-土壤 , 植被-生态平衡 , 生态平衡-植被 | |
| 电子资源: | ||
| ISBN: | 13031.2842 | |
| 000 | 00978nam0 2200337 450 | |
| 001 | 0185006718 | |
| 005 | 20100712221141.0 | |
| 010 | @a13031.2842@dCNY1.75 | |
| 091 | @a13031.2842 | |
| 100 | @a19900904d1985 em y0chiy0110 ea | |
| 101 | 1 | @achi@ceng |
| 102 | @aCN@b110000 | |
| 105 | @ay z 000yy | |
| 106 | @ar | |
| 200 | 1 | @a土壤与植被系统@9Tu Rang Yu Zhi Bei Xi;Ji Tong @f(英)特鲁吉尔(Trudgill,S.T.)著@g赵磊译 |
| 210 | @a北京@c科学出版社@d1985 | |
| 215 | @a228页@d19cm | |
| 300 | @a书名原文: Soil and vegetation systems. | |
| 510 | 1 | @aSoil and vegetation systems@zeng |
| 606 | 0 | @a土壤-关系-植被 |
| 606 | 0 | @a植被-关系-土壤 |
| 606 | 0 | @a土壤-生态平衡 |
| 606 | 0 | @a生态平衡-土壤 |
| 606 | 0 | @a植被-生态平衡 |
| 606 | 0 | @a生态平衡-植被 |
| 690 | @aS154.4@v3 | |
| 701 | 1 | @a特鲁吉尔@9te lu ji er@bS.T.@4著 |
| 701 | 1 | @aTrudgill@bS.T.@4著 |
| 702 | 0 | @a赵磊@9zhao lei@4译 |
| 801 | 0 | @aCN@bAzMarc@c20130904 |
| 905 | @aBZT@dS154.4@e104@f1@sS154.4/104 | |
| 土壤与植被系统/(英)特鲁吉尔(Trudgill,S.T.)著/赵磊译.-北京:科学出版社,1985 |
| 228页;19cm |
| 书名原文: Soil and vegetation systems. |
| ISBN 13031.2842:CNY1.75 |
| ● |
| 相关链接 |
|
|
|
正题名:土壤与植被系统
索取号:S154.4/104
 
预约/预借
| 序号 | 登录号 | 条形码 | 馆藏地/架位号 | 状态 | 备注 |
| 1 | 2000089084 | 2000089084 | 旧书回溯/ [索取号:S154.4/104] | 在馆 |